[Event "FRA-chT2 West 0708"]
[Site "France"]
[Date "2008.04.06"]
[Round "11.5"]
[White "Rate, Bruno"]
[Black "Guillon, Cyril"]
[Result "0-1"]
[WhiteElo "2105"]
[BlackElo "2195"]
[PlyCount "84"]
[EventDate "2007.10.21"]
[EventType "team-tourn"]
[EventRounds "11"]
[EventCountry "FRA"]
[SourceTitle "EXT 2009"]
[Source "ChessBase"]
[SourceDate "2008.11.26"]
[SourceVersion "1"]
[SourceVersionDate "2008.11.26"]
[SourceQuality "1"]
[WhiteTeam "Sautron"]
[BlackTeam "Evry Grand Roque II"]
[WhiteTeamCountry "FRA"]
[BlackTeamCountry "FRA"]

1. d4 f5 2. c4 Nf6 3. Nf3 d6 4. g3 g6 5. Bg2 Bg7 6. Nc3 0-0 7. 0-0 Qe8 8. d5 Na6 9. Nd4 Bd7 10. Rb1 Nc5 11. b4 Nce4 12. Nxe4 fxe4 13. f3 e5 14. dxe6 Bxe6 15. Nxe6 Qxe6 16. Qb3 Rae8 17. fxe4 Nxe4 18. Rxf8+ Rxf8 19. Qe3 Qf5 20. Qf4 Nxg3 21. Qxf5 Nxf5 22. Bxb7 Bd4+ 23. Kg2 Kg7 24. Bd2 h6 25. Rb3 g5 26. Rd3 Nh4+ 27. Kh3 Be5 28. Be3 Rb8 29. Bd5 Rxb4 30. Bxa7 Ra4 31. Bf2 Ng6 32. Bg3 Rxa2 33. e3 Rc2 34. Rb3 Kf6 35. Kg4 c6 36. Bg8 Ne7 37. Bh7 Rxc4+ 38. Kh5 Bxg3 39. hxg3 Rc1 40. Be4 d5 41. Bf3 Rc2 42. Bd1 Rd2 0-1

[Event "Pontoise op"]
[Site "Pontoise"]
[Date "2006.03.26"]
[Round "5"]
[White "Dgebuadze, Alexandre"]
[Black "Guillon, Cyril"]
[Result "1-0"]
[WhiteElo "2560"]
[BlackElo "2204"]
[PlyCount "91"]
[EventDate "2006.03.25"]
[EventType "swiss (rapid)"]
[EventRounds "10"]
[EventCountry "FRA"]
[SourceTitle "EXT 2007"]
[Source "ChessBase"]
[SourceDate "2006.11.23"]
[SourceVersion "1"]
[SourceVersionDate "2006.11.23"]
[SourceQuality "1"]

1. e4 c5 2. Nf3 Nc6 3. Bb5 g6 4. 0-0 Bg7 5. c3 Nf6 6. Re1 0-0 7. d4 cxd4 8. cxd4 d5 9. e5 Ne8 10. Nc3 Nc7 11. Bxc6 bxc6 12. h3 Ne6 13. Be3 f5 14. exf6 exf6 15. Qd2 g5 16. Ne2 h6 17. Nh2 f5 18. f4 Ba6 19. Nf3 Bxe2 20. Rxe2 c5 21. fxg5 f4 22. Bf2 Nxg5 23. dxc5 Ne4 24. Qd3 Rb8 25. Bd4 Rf7 26. Rd1 Ng3 27. Rc2 Nf5 28. Bxg7 Kxg7 29. Nd4 Qf6 30. Nxf5+ Qxf5 31. Qxf5 Rxf5 32. c6 Kf7 33. c7 Rc8 34. Rc6 Ke7 35. Rdc1 h5 36. Kf2 Kd7 37. R6c5 Kd6 38. b4 Re5 39. Rc6+ Kd7 40. Rh6 Rg5 41. b5 d4 42. Rh7+ Kd6 43. Rc6+ Kd5 44. Rd7+ Ke4 45. Rd8 Rg8 46. Rxg8 1-0

[Event "FRA-chT2D 0506"]
[Site "France"]
[Date "2006.01.15"]
[Round "6.3"]
[White "Toumaniantz, Rouslan"]
[Black "Guillon, Cyril"]
[Result "0-1"]
[WhiteElo "2188"]
[BlackElo "2204"]
[PlyCount "72"]
[EventDate "2005.10.27"]
[EventType "team-tourn"]
[EventRounds "11"]
[EventCountry "FRA"]
[SourceTitle "EXT 2006"]
[Source "ChessBase"]
[SourceDate "2005.11.24"]
[SourceVersion "1"]
[SourceVersionDate "2005.11.24"]
[SourceQuality "1"]
[WhiteTeam "Metz Fischer"]
[BlackTeam "Evry II"]
[WhiteTeamCountry "FRA"]
[BlackTeamCountry "FRA"]

1. e4 c5 2. Nf3 Nc6 3. Bb5 g6 4. 0-0 Bg7 5. Re1 Nf6 6. c3 0-0 7. h3 h6 8. d4 cxd4 9. cxd4 d5 10. e5 Ne4 11. Bxc6 bxc6 12. Nbd2 c5 13. dxc5 Nxc5 14. Nd4 Nd3 15. Re3 Nxe5 16. Qe2 Qc7 17. Nb5 Qb8 18. Rb3 a6 19. Nc3 Qd6 20. f4 Nc6 21. Nf3 Be6 22. Ra3 Nd4 23. Qd3 Bf5 24. Qxd4 Bxd4+ 25. Nxd4 Rfb8 26. Nce2 Be4 27. Rg3 Kh7 28. b3 f6 29. Bb2 e5 30. fxe5 fxe5 31. Nf3 d4 32. Rd1 Bxf3 33. Rxf3 Rf8 34. Rfd3 Rad8 35. Ng3 Qd5 36. Kh1 Rf2 0-1

[Event "FRA-chT2D 0506"]
[Site "France"]
[Date "2005.11.19"]
[Round "2.5"]
[White "Postoev Birkenberg, Alexander"]
[Black "Guillon, Cyril"]
[Result "0-1"]
[WhiteElo "2256"]
[BlackElo "2196"]
[PlyCount "74"]
[EventDate "2005.10.27"]
[EventType "team-tourn"]
[EventRounds "11"]
[EventCountry "FRA"]
[SourceTitle "EXT 2006"]
[Source "ChessBase"]
[SourceDate "2005.11.24"]
[SourceVersion "1"]
[SourceVersionDate "2005.11.24"]
[SourceQuality "1"]
[WhiteTeam "Gambsheim"]
[BlackTeam "Evry II"]
[WhiteTeamCountry "FRA"]
[BlackTeamCountry "FRA"]

1. d4 f5 2. Bg5 g6 3. Nf3 Bg7 4. h4 Nf6 5. Nc3 d5 6. Qc1 c5 7. Bh6 Bxh6 8. Qxh6 cxd4 9. Nxd4 e5 10. Ndb5 Qe7 11. h5 a6 12. hxg6 axb5 13. 0-0-0 Be6 14. e4 fxe4 15. Nxb5 Rxa2 16. Kb1 d4 17. Nc7+ Qxc7 18. g7 Rxb2+ 19. Kxb2 Qc3+ 20. Kc1 Qa3+ 21. Kd2 e3+ 22. Ke2 Bc4+ 23. Kf3 e2+ 24. Rd3 e4+ 25. Kg3 Qd6+ 26. Kh4 Rg8 27. Bxe2 exd3 28. Bh5+ Kd7 29. cxd3 Nxh5 30. Qxd6+ Kxd6 31. Kxh5 Bxd3 32. Kh6 Nc6 33. f4 Ke6 34. g4 Kf7 35. Rh3 Bc2 36. Rh2 d3 37. f5 Ne5 0-1

[Event "FRA-chT2W 0203"]
[Site "France"]
[Date "2003.02.02"]
[Round "7"]
[White "Capit, Francois"]
[Black "Guillon, Cyril"]
[Result "1/2-1/2"]
[WhiteElo "2218"]
[BlackElo "2212"]
[PlyCount "113"]
[EventDate "2002.10.??"]
[EventType "team-tourn"]
[EventRounds "11"]
[EventCountry "FRA"]
[SourceTitle "EXT 2004"]
[Source "ChessBase"]
[SourceDate "2003.11.25"]
[SourceVersion "1"]
[SourceVersionDate "2003.11.25"]
[SourceQuality "1"]
[WhiteTeam "Le Chesnay"]
[BlackTeam "Evry II"]
[WhiteTeamCountry "FRA"]
[BlackTeamCountry "FRA"]

1. d4 f5 2. e4 fxe4 3. Nc3 Nf6 4. g4 d5 5. g5 Ng8 6. f3 e6 7. fxe4 Bb4 8. Nge2 Ne7 9. a3 Ba5 10. Be3 0-0 11. Ng3 Bxc3+ 12. bxc3 c5 13. Bd3 Nbc6 14. Rf1 c4 15. Rxf8+ Qxf8 16. Bf1 Bd7 17. Bg2 Nd8 18. Qg4 Bc6 19. Kd2 Nc8 20. Nh5 Nd6 21. Rf1 Nxe4+ 22. Ke1 Qxa3 23. Bxe4 dxe4 24. Kd2 Be8 25. Nf6+ gxf6 26. gxf6+ Bg6 27. h4 Qa5 28. Rg1 Kf7 29. Qf4 Ke8 30. Qd6 Nc6 31. Qxe6+ Kd8 32. f7 Kc7 33. Rg5 Qa3 34. Rd5 Qe7 35. Bf4+ Kb6 36. Qg4 Bxf7 37. Rd7 Qe6 38. Qxe6 Bxe6 39. Rd6 Re8 40. d5 Bxd5 41. Rxd5 Rd8 42. Be3+ Kc7 43. Bf4+ Kb6 44. Be3+ Kc7 45. Bf4+ Kc8 46. Rxd8+ Kxd8 47. Ke3 Kd7 48. Kxe4 Ke6 49. Bc1 h5 50. Ba3 Ne5 51. Bc5 a6 52. Kf4 Nf7 53. Bb6 Kf6 54. Bd4+ Ke6 55. Bb6 Kf6 56. Bd4+ Ke6 57. Bb6 1/2-1/2

[Event "Paris op"]
[Site "Paris"]
[Date "1998.??.??"]
[Round "1"]
[White "Guillon, Cyril"]
[Black "Reilhac, Philippe"]
[Result "0-1"]
[WhiteElo "2210"]
[BlackElo "2080"]
[PlyCount "84"]
[EventDate "1998.07.??"]
[EventType "swiss"]
[EventRounds "9"]
[EventCountry "FRA"]
[SourceTitle "EXT 2000"]
[Source "ChessBase"]
[SourceDate "1999.11.16"]
[SourceVersion "1"]
[SourceVersionDate "1999.11.16"]
[SourceQuality "1"]

1. e4 c5 2. Nf3 d6 3. c3 Nf6 4. Be2 Nc6 5. d3 e6 6. 0-0 Be7 7. Nbd2 0-0 8. d4 Qc7 9. Re1 a6 10. a3 Nd7 11. Bd3 b5 12. Nf1 c4 13. Bc2 Bb7 14. h4 Bf6 15. g4 Rae8 16. Ng3 Bd8 17. Bd2 Bc8 18. Qe2 e5 19. d5 Ne7 20. g5 Nc5 21. Nh2 f5 22. gxf6 Rxf6 23. Be3 Ref8 24. h5 Qd7 25. Kh1 Qh3 26. Rg1 Nd3 27. Bxd3 cxd3 28. Qf1 Qh4 29. Qxd3 Bg4 30. Rgf1 Bf3+ 31. Kg1 Bxh5 32. Nxh5 Qxh5 33. a4 Ng6 34. axb5 Nh4 35. f4 axb5 36. f5 Rg6+ 37. Kh1 Rg3 38. Qd2 Nf3 39. Rxf3 Rxf3 40. Rg1 Rh3 41. Qg2 Bf6 42. Ra1 Rxe3 0-1

[Event "FRA-chT 9697 fin"]
[Site "Clichy"]
[Date "1997.05.03"]
[Round "10"]
[White "Buchy, Daniel"]
[Black "Guillon, Cyril"]
[Result "0-1"]
[WhiteElo "2265"]
[BlackElo "2235"]
[PlyCount "48"]
[EventDate "1997.??.??"]
[EventType "team-tourn"]
[EventRounds "4"]
[EventCountry "FRA"]
[SourceTitle "EXT 1999"]
[Source "ChessBase"]
[SourceDate "1998.11.16"]
[SourceVersion "1"]
[SourceVersionDate "1998.11.16"]
[SourceQuality "1"]

1. c4 f5 2. e4 fxe4 3. d3 Nf6 4. g4 e5 5. g5 Bc5 6. d4 Bxd4 7. gxf6 Qxf6 8. Qe2 d5 9. Be3 0-0 10. cxd5 Na6 11. Nc3 Nc5 12. Qd2 Bg4 13. b4 Nd3+ 14. Bxd3 exd3 15. Qxd3 Qb6 16. Nge2 Rae8 17. Rg1 Bf5 18. Qd2 Qxb4 19. Rc1 Bg6 20. Rg3 c5 21. Kf1 Rf7 22. Kg1 Ref8 23. Rf1 Rf3 24. Kg2 Bxe3 0-1

[Event "FRA-chTB 9697"]
[Site "France"]
[Date "1997.??.??"]
[Round "7"]
[White "Duquesnoy, Jean Philippe"]
[Black "Guillon, Cyril"]
[Result "1-0"]
[WhiteElo "2240"]
[BlackElo "2235"]
[PlyCount "80"]
[EventDate "1997.??.??"]
[EventType "team-tourn"]
[EventRounds "7"]
[EventCountry "FRA"]
[SourceTitle "EXT 1999"]
[Source "ChessBase"]
[SourceDate "1998.11.16"]
[SourceVersion "1"]
[SourceVersionDate "1998.11.16"]
[SourceQuality "1"]

1. d4 f5 2. g3 Nf6 3. Bg2 g6 4. Nh3 d6 5. d5 c5 6. 0-0 Bg7 7. c4 Na6 8. Nc3 0-0 9. Nf4 Nc7 10. h4 Rb8 11. a4 Bd7 12. e4 fxe4 13. Nxe4 Nxe4 14. Bxe4 Bf5 15. Re1 Bd4 16. Ra3 Qd7 17. Qe2 Rbe8 18. Rb3 b6 19. a5 Bxe4 20. Qxe4 Qa4 21. Ra3 Qxc4 22. Be3 e5 23. Nxg6 Qb4 24. Bxd4 exd4 25. Ne7+ Kh8 26. axb6 Qxb6 27. Rf3 Qxb2 28. Rb1 Qd2 29. Kg2 Rxf3 30. Qxf3 Qh6 31. Nf5 Qf8 32. Rb7 Re5 33. g4 Nxd5 34. Qb3 Nf4+ 35. Kf3 Ng6 36. Kg3 d5 37. h5 c4 38. Qb5 Rxf5 39. Rxh7+ Kxh7 40. hxg6+ Kxg6 1-0

[Event "FRA-chTB 9697"]
[Site "France"]
[Date "1997.??.??"]
[Round "2"]
[White "Schabanel, Stephane"]
[Black "Guillon, Cyril"]
[Result "0-1"]
[WhiteElo "2220"]
[BlackElo "2235"]
[PlyCount "82"]
[EventDate "1997.??.??"]
[EventType "team-tourn"]
[EventRounds "7"]
[EventCountry "FRA"]
[SourceTitle "EXT 1999"]
[Source "ChessBase"]
[SourceDate "1998.11.16"]
[SourceVersion "1"]
[SourceVersionDate "1998.11.16"]
[SourceQuality "1"]

1. e4 c5 2. Nf3 d6 3. d4 cxd4 4. Nxd4 Nf6 5. Nc3 g6 6. Be3 Bg7 7. f3 0-0 8. Qd2 Nc6 9. 0-0-0 Bd7 10. h4 Rc8 11. g4 Ne5 12. h5 Nxf3 13. Nxf3 Bxg4 14. Be2 Bxh5 15. Nd4 Bxe2 16. Ndxe2 Ng4 17. Bd4 Ne5 18. Qf4 Qa5 19. Nd5 Rfe8 20. Qh4 Qxa2 21. Qxh7+ Kf8 22. Ndc3 Qa1+ 23. Nb1 Rc6 24. Rhf1 Rec8 25. c3 Qa2 26. Nf4 Bf6 27. Qh6+ Ke8 28. Nd5 Nc4 29. Nxf6+ exf6 30. Rf2 Na5 31. Qh8+ Kd7 32. Qxf6 Nb3+ 33. Kc2 Na1+ 34. Kd3 Qa6+ 35. Ke3 Kc7 36. Qxf7+ Kb8 37. Qg7 Qa4 38. Na3 Qxd1 39. Qxg6 Qc1+ 40. Kd3 Nb3 41. Qg4 Nxd4 0-1

[Event "Cannes Martinez op"]
[Site "Cannes"]
[Date "1996.??.??"]
[Round "5"]
[White "Kirov, Nino"]
[Black "Guillon, Cyril"]
[Result "1-0"]
[WhiteElo "2440"]
[BlackElo "2220"]
[PlyCount "77"]
[EventDate "1996.08.??"]
[EventType "swiss"]
[EventRounds "9"]
[EventCountry "FRA"]
[SourceTitle "EXT 1998"]
[Source "ChessBase"]
[SourceDate "1997.11.17"]
[SourceVersion "1"]
[SourceVersionDate "1997.11.17"]
[SourceQuality "1"]

1. Nf3 f5 2. g3 Nf6 3. Bg2 g6 4. 0-0 Bg7 5. d4 0-0 6. Nbd2 Nc6 7. c3 d5 8. b4 Ne4 9. Qb3 a6 10. Rd1 Kh8 11. a4 Be6 12. Nxe4 fxe4 13. Ng5 Bg8 14. f3 h6 15. Nh3 exf3 16. Bxf3 g5 17. Nf2 e5 18. dxe5 Nxe5 19. Bxd5 Rxf2 20. Kxf2 Qf6+ 21. Kg2 Ng4 22. Rf1 Qxc3 23. Bxg8 Qxa1 24. Be6 Qd4 25. Qf3 Nf6 26. Qxb7 Re8 27. Qc6 Qe5 28. Rxf6 Qxe2+ 29. Rf2 Qxe6 30. Qxe6 Rxe6 31. Rf7 Re4 32. Bd2 Rc4 33. Kf3 Kg8 34. Rd7 Rd4 35. Rxg7+ Kf8 36. Be3 Rxb4 37. Bc5+ Kxg7 38. Bxb4 Kf6 39. g4 1-0

[Event "Cannes Martinez op"]
[Site "Cannes"]
[Date "1995.??.??"]
[Round "8"]
[White "Dunnington, Angus J"]
[Black "Guillon, Cyril"]
[Result "1-0"]
[WhiteElo "2385"]
[BlackElo "2150"]
[PlyCount "41"]
[EventDate "1995.07.??"]
[EventType "swiss"]
[EventRounds "9"]
[EventCountry "FRA"]
[SourceTitle "EXT 1998"]
[Source "ChessBase"]
[SourceDate "1997.11.17"]
[SourceVersion "1"]
[SourceVersionDate "1997.11.17"]
[SourceQuality "1"]

1. d4 f5 2. Bg5 h6 3. Bh4 g5 4. e4 Bg7 5. Bg3 f4 6. Bxf4 gxf4 7. Qh5+ Kf8 8. Qf5+ Ke8 9. Be2 h5 10. Bxh5+ Rxh5 11. Qxh5+ Kf8 12. Qf5+ Ke8 13. Nf3 d5 14. Qg5 Kf8 15. Qxf4+ Ke8 16. Qg5 Kf8 17. Qxd5 Qxd5 18. exd5 Nf6 19. Nc3 Na6 20. Ng5 Bf5 21. 0-0-0 1-0

[Event "Cannes Martinez op"]
[Site "Cannes"]
[Date "1995.??.??"]
[Round "1"]
[White "Lane, Gary William"]
[Black "Guillon, Cyril"]
[Result "1/2-1/2"]
[WhiteElo "2400"]
[BlackElo "2150"]
[PlyCount "75"]
[EventDate "1995.07.??"]
[EventType "swiss"]
[EventRounds "9"]
[EventCountry "FRA"]
[SourceTitle "EXT 1998"]
[Source "ChessBase"]
[SourceDate "1997.11.17"]
[SourceVersion "1"]
[SourceVersionDate "1997.11.17"]
[SourceQuality "1"]

1. e4 c5 2. c3 Nf6 3. e5 Nd5 4. Nf3 Nc6 5. Bc4 Nb6 6. Bb3 d5 7. exd6 Qxd6 8. 0-0 Be6 9. Na3 Bxb3 10. Qxb3 e6 11. d4 cxd4 12. Nb5 Qd8 13. Nbxd4 Nxd4 14. Nxd4 Be7 15. Rd1 Qc8 16. Nb5 Nd7 17. Nd6+ Bxd6 18. Rxd6 0-0 19. Bg5 Qc7 20. Rad1 Nb6 21. Qb5 h6 22. Bf4 Rfd8 23. h3 Rxd6 24. Rxd6 Rd8 25. Rd3 Qe7 26. Rg3 Rd5 27. Qe2 Qf6 28. Be3 e5 29. c4 Rd8 30. b3 Nc8 31. a4 a6 32. Bc5 Ne7 33. a5 Ng6 34. Bb6 Nf4 35. Qe4 Rd1+ 36. Kh2 h5 37. Qxb7 h4 38. Rf3 1/2-1/2

[Event "Cannes Martinez op"]
[Site "Cannes"]
[Date "1995.??.??"]
[Round "3"]
[White "Peric, Slavisa"]
[Black "Guillon, Cyril"]
[Result "1-0"]
[WhiteElo "2250"]
[BlackElo "2150"]
[PlyCount "71"]
[EventDate "1995.07.??"]
[EventType "swiss"]
[EventRounds "9"]
[EventCountry "FRA"]
[SourceTitle "EXT 1998"]
[Source "ChessBase"]
[SourceDate "1997.11.17"]
[SourceVersion "1"]
[SourceVersionDate "1997.11.17"]
[SourceQuality "1"]

1. d4 f5 2. g3 Nf6 3. Bg2 g6 4. c3 c6 5. Nh3 d6 6. 0-0 Bg7 7. Qb3 Qb6 8. Nd2 Qxb3 9. axb3 Be6 10. b4 b5 11. Nf4 Bf7 12. Nd3 a6 13. Re1 Ra7 14. h4 0-0 15. e4 fxe4 16. Nxe4 Nxe4 17. Bxe4 Bc4 18. Nf4 e5 19. dxe5 Bxe5 20. Nh3 Re7 21. Bg5 Ref7 22. Be3 Re7 23. Bg2 Bb3 24. Ng5 Rfe8 25. Kh2 h6 26. Nf3 Kh7 27. Nd2 Bc2 28. Rec1 Bf5 29. Nb3 Bf6 30. Na5 Be4 31. Bh3 Re5 32. Bd4 R8e7 33. Re1 g5 34. hxg5 hxg5 35. Bxe5 Rxe5 36. Rxe4 1-0

[Event "Issy Meudon op"]
[Site "Issy Meudon"]
[Date "1994.??.??"]
[Round "5"]
[White "Guillon, Cyril"]
[Black "Troffiguer, Olivier"]
[Result "0-1"]
[WhiteElo "2150"]
[BlackElo "2377"]
[PlyCount "68"]
[EventDate "1994.11.??"]
[EventType "tourn"]
[EventRounds "5"]
[EventCountry "FRA"]
[SourceTitle "EXT 2004"]
[Source "ChessBase"]
[SourceDate "2003.11.25"]
[SourceVersion "1"]
[SourceVersionDate "2003.11.25"]
[SourceQuality "1"]

1. e4 c5 2. Nf3 Nc6 3. Bb5 e6 4. 0-0 Nge7 5. b3 d6 6. d4 cxd4 7. Nxd4 Bd7 8. Nf3 a6 9. Be2 Ng6 10. g3 Be7 11. Ba3 Qc7 12. Qd2 Rd8 13. c4 0-0 14. Nc3 Qa5 15. Bb2 Nge5 16. a3 Nxf3+ 17. Bxf3 Ne5 18. Bg2 Ng4 19. b4 Qh5 20. h3 Ne5 21. g4 Qxh3 22. f4 Qd3 23. Qe1 Nxc4 24. Rf3 Qd4+ 25. Qf2 Qxf2+ 26. Rxf2 Bf6 27. e5 dxe5 28. g5 Be7 29. Bxb7 a5 30. Be4 axb4 31. Rh2 g6 32. axb4 Bxb4 33. Bd3 Nxb2 34. Ne4 f5 0-1